Responses for Show #3118 - Wednesday, March 4, 1998

Contestants

[<< previous game]

Ben Wiener, an advertising executive originally from Toronto, Canada

Karen Sapp, a registered nurse from Joplin, Missouri

Cliff Karp, an actor originally from New York City, New York

[next game >>]

Jeopardy! Round responses

COMING TO VEGAS
MOVIE STARS
AROUND THE DOGHOUSE WITH SPOT
FIGURE IT OUT
SHIPS
GO TO "H"
    $100 2
New Orleans

Cliff
    $100 1
Tom Hanks

Ben
    $100 11
Snoopy

Cliff
    $100 18
1

Ben
    $100 23
H.M.S. Bounty

Cliff
    $100 14
Honey

Ben
    $200 7
Wheel Of Fortune

Cliff
    $200 3
Tootsie

Karen
    $200 12
Fleas

Karen
    $200 19
Zsa Zsa Gabor

Cliff
    $200 27
Monitor & Merrimac

Karen
    $200 15
Hacker

Ben
    $300 8
Siegfried & Roy

Ben
    $300 4
Sean Penn

Karen
    $300 13
Purina

Ben
    $300 20
George Washington

Karen
    $300 28
Robert E. Lee

Ben
    $300 24
Hemisphere

Ben
    $400 9
MGM Grand

Cliff
    $400 5
Jeff Daniels

Cliff
    $400 16
Scottish

Cliff
    $400 21
Shucking

Cliff
    $400 29
Bismarck

Ben
    $400 25
Herbivore

Karen
    $500 10
Caesars Palace

Ben
    $500 6
Bette Midler

Cliff
    $500 17
St. Louis

Ben
    $500 22
Italian

Ben
    $2,000 30
U.S.S. Arizona

Ben
    $500 26
Hari-kari

Karen

Scores at the first commercial break (after clue 15):

Cliff Karen Ben
$1,700 $700 $1,500

Scores at the end of the Jeopardy! Round:

Cliff Karen Ben
$2,800 $2,100 $5,600

Double Jeopardy! Round responses

MUSIC POTPOURRI
HISTORIC NAMES
ONOMATOPOETIC WORDS
LITERATURE
MAGAZINES
6 DEGREES OF KEVIN BACON
    $200 22
"Copacabana"

Karen
    $200 7
William the Conqueror

Cliff
    $200 1
Clop

Ben
    $200 17
Calaveras County

Cliff
    $200 2
Mystery

Ben
    $200 12
JFK

Ben
    $400 23
Bamboo

Ben
    $400 8
Hannibal

Ben
    $400 27
Squeaky wheel

Cliff
    $400 18
Don Quixote

Ben
    $400 3
Milton Berle

Ben
    $400 13
Animal House

Ben
    $600 24
Reggae

Ben
    $600 9
(B: Who is Louis XIV?)

Louis XVI

KarenBen
    $600 28
"Whoomp!"

Ben
    $600 19
Hester Prynne

Cliff
    $600 4
(Alex: And you knew that, even with Ben's help!)

Martha Stewart

Karen
    $600 14
A Few Good Men

Ben
    $800 25
Malaguena

Triple Stumper
    $800 10
Gamal A. Nasser

Cliff
    $800 29
Pop

Ben
    $800 20
Quasimodo

Cliff
    $800 5
Kiplinger

Cliff
    $800 15
Flatliners

Ben
    $3,000 26
The Thompson Twins

Ben
    $1000 11
Samuel Pepys

Ben
    $1000 30
Clash

Ben
    $3,000 21
(C: What is "The Tell-Tale Heart?")

The Pit & The Pendulum

Cliff
    $1000 6
Joe Weider

Ben
    $1000 16
(Alex: Well done - you're up on your Kevin Bacon!)

Tremors

Ben

Scores at the end of the Double Jeopardy! Round:

Cliff Karen Ben
$3,600 $3,500 $18,000
(lock game)

[wagering suggestions for these scores]

Final Jeopardy! Round responses

SCIENTIFIC DISCOVERIES
KarenWhat is ?
$3,499
CliffWhat were stars?
$3,500
BenWhat are myste
$5,000
X-Rays (discovered by Wilhelm Roentgen)

Final scores:

Cliff Karen Ben
$100 $1 $13,000
2nd place: a Hooker Furniture entertainment center + a Panasonic 13" TV/VCR combo 3rd place: Corel WordPerfect 8 office software New champion: $13,000

Game dynamics:

Coryat scores:

Cliff Karen Ben
$6,600 $3,500 $14,500
17 R,
1 W
(including 1 DD)
10 R,
0 W
31 R
(including 2 DDs),
1 W

Combined Coryat: $24,600

[game] [game scores] [suggest correction]

Game tape date: Unknown
The J! Archive is created by fans, for fans. Scraping, republication, monetization, and malicious use prohibited; this site may use cookies and collect identifying information. See terms. The Jeopardy! game show and all elements thereof, including but not limited to copyright and trademark thereto, are the property of Jeopardy Productions, Inc. and are protected under law. This website is not affiliated with, sponsored by, or operated by Jeopardy Productions, Inc. Join the discussion at JBoard.tv.